000 00312nam a22001337a 4500
008 171113b xxu||||| |||| 00| 0 eng d
020 _a9780071258128
041 _aeng
080 _26 ED
_a338
100 _a53
101 _aMAN
245 _aNEW BUSINESS AND THE ENTREPRENEUR
_cROBERTS.S
942 _2udc
_cBK
999 _c38260
_d38260